| 000 | 00415nam a2200145 a 4500 | ||
|---|---|---|---|
| 001 | 000027031 | ||
| 005 | 20200930030546.0 | ||
| 008 | 110329s1977 dr 000 0 spa d | ||
| 040 |
_aDO-SdBNP _bspa _cBNPHU |
||
| 100 | 1 |
_aGarrido Puello, E. O. _984 |
|
| 245 | 0 |
_aEn el camino de la historia. / _cE. O. Garrido Puello. |
|
| 260 |
_aSanto Domingo : _bArte y Cine, _c1977. |
||
| 300 |
_a185 p. ; _c21 cm. |
||
| 049 | _aBNPD | ||
| 999 |
_c26523 _d26523 |
||